Aký ste typ ?
Prieskum spotrebiteľských trendov - Conzoomer 2005. 7 základných typov nákupného správania. Typológia spotrebiteľa podľa nákupných stratégií. Sekundárna gramotnosť obyvateľstva - rozloženie koeficientu sekundárnej gramotnosti, skúsenosť s vybranými činnosťami. Výsledky prieskumu.
Gespeichert in:
| 1. Verfasser: | |
|---|---|
| Weitere Verfasser: | , |
| Format: | Buchkapitel |
| Sprache: | Slowakisch |
| Schlagworte: | |
| Tags: |
Keine Tags, Fügen Sie das erste Tag hinzu!
|
MARC
| LEADER | 00000naa$a2200000$$$4500 | ||
|---|---|---|---|
| 001 | 0040607 | ||
| 005 | 20231107124130.9 | ||
| 041 | 0 | |a slo | |
| 044 | |a SK | ||
| 245 | 1 | 0 | |a Aký ste typ ? |c Marian Timoracký, Ivica Kukurová, Terézia Šabová |
| 520 | |a Prieskum spotrebiteľských trendov - Conzoomer 2005. 7 základných typov nákupného správania. Typológia spotrebiteľa podľa nákupných stratégií. Sekundárna gramotnosť obyvateľstva - rozloženie koeficientu sekundárnej gramotnosti, skúsenosť s vybranými činnosťami. Výsledky prieskumu. | ||
| 610 | 2 | 0 | |a spotrebitelia |
| 610 | 2 | 0 | |a typológia |
| 610 | 2 | 0 | |a správanie spotrebiteľa |
| 100 | 1 | |a Timoracký, Marian | |
| 700 | 1 | |a Kukurová, Ivica | |
| 700 | 1 | |a Šabová, Terézia | |